header

Myelodysplastic syndromes (Record no. 19954)

MARC details
000 -LEADER
fixed length control field 01200nam a2200301Ia 4500
245 00 - TITLE STATEMENT
Title Myelodysplastic syndromes
260 ## - PUBLICATION, DISTRIBUTION, ETC. (IMPRINT)
Place of publication New York :
Name of publisher Nova Science Publishers,
Year of publication 2013.
300 ## - PHYSICAL DESCRIPTION
Number of Pages viii, 299 p.
490 0# - SERIES STATEMENT
Series statement Recent advances in hematology research
650 #0 - SUBJECT ADDED ENTRY--TOPICAL TERM
Topical Term Myelodysplastic syndromes.
Topical Term Bone marrow
700 1# - ADDED ENTRY--PERSONAL NAME
Personal name Sayar, Hamid.
856 40 - ELECTRONIC LOCATION AND ACCESS
Uniform Resource Identifier http://site.ebrary.com/lib/rucke/Doc?id=10704242

No items available.

© 2026 Rongo University
Contact us: librarian | system librarian | Rongo university